[Event "Havana Province-ch U20"]
[Site "Havana"]
[Date "2009.07.10"]
[Round "10"]
[White "Ordunez Echarte, Dennys"]
[Black "Sanchez Ruiz, Osvaldo Rafael"]
[Result "1-0"]
[WhiteElo "2269"]
[BlackElo "2023"]
[PlyCount "45"]
[EventDate "2009.06.22"]
[EventType "tourn"]
[EventRounds "10"]
[EventCountry "CUB"]
[EventCategory "1"]
[SourceTitle "EXT 2018"]
[Source "ChessBase"]
[SourceDate "2017.10.13"]
[SourceVersion "1"]
[SourceVersionDate "2017.10.13"]
[SourceQuality "1"]

1. e4 d5 2. exd5 Qxd5 3. Nc3 Qd8 4. g3 Nf6 5. Bg2 c6 6. d4 Bg4 7. Nge2 e6 8. Be3 Nbd7 9. h3 Bf5 10. g4 Bg6 11. Nf4 Bb4 12. Nxg6 hxg6 13. 0-0 Qc7 14. f4 0-0-0 15. Qf3 Nb6 16. Ne2 Nc4 17. Bc1 Nb6 18. c4 Be7 19. b3 Nfd7 20. a4 a6 21. a5 Na8 22. Be3 Kb8 23. b4 1-0

[Event "Havana Province-ch U20"]
[Site "Havana"]
[Date "2009.07.09"]
[Round "9"]
[White "Sanchez Ruiz, Osvaldo Rafael"]
[Black "Infante Machin, Brian Jose"]
[Result "0-1"]
[WhiteElo "2023"]
[BlackElo "2134"]
[PlyCount "104"]
[EventDate "2009.06.22"]
[EventType "tourn"]
[EventRounds "10"]
[EventCountry "CUB"]
[EventCategory "1"]
[SourceTitle "EXT 2018"]
[Source "ChessBase"]
[SourceDate "2017.10.13"]
[SourceVersion "1"]
[SourceVersionDate "2017.10.13"]
[SourceQuality "1"]

1. d4 e6 2. Nf3 Nf6 3. Bg5 h6 4. Bxf6 Qxf6 5. e3 g6 6. Nbd2 Qe7 7. c3 Bg7 8. Bd3 0-0 9. Qe2 d6 10. 0-0-0 Nd7 11. Kb1 e5 12. dxe5 dxe5 13. e4 Nc5 14. Bc2 c6 15. Nb3 Ne6 16. g3 a5 17. Nbd2 b5 18. c4 Ba6 19. cxb5 Bxb5 20. Bd3 Ba4 21. Rc1 Rfb8 22. Nc4 Nc5 23. Ne3 Nxd3 24. Qxd3 Rb4 25. Nc2 Rb7 26. Qa3 Qf6 27. Qxa4 Qxf3 28. Rhf1 Rxb2+ 29. Kxb2 Rb8+ 30. Qb3 Rxb3+ 31. axb3 Qxe4 32. Ne3 Qd4+ 33. Ka2 e4 34. Nc4 Qd3 35. Rfd1 Qf3 36. Rd2 Bf6 37. Rdc2 Qd3 38. Nb2 Qd4 39. Rd1 Qa7 40. Re1 Qd4 41. Rd1 Qe5 42. Na4 Qf5 43. Re2 Qh5 44. Rdd2 Bg5 45. Rc2 f5 46. h4 Be7 47. Red2 Qf3 48. Rc3 Qg2 49. Rdc2 c5 50. Nxc5 Bf6 51. Na4 Bxc3 52. Nxc3 e3 0-1